Computer security : art and science

Gespeichert in:
Bibliographische Detailangaben
1. Verfasser: Bishop, Matt
Format: Buch
Veröffentlicht: Pearson
Tags: Tag hinzufügen
Keine Tags, Fügen Sie das erste Tag hinzu!

MARC

LEADER 00000nam a2200000Ia 4500
005 20260515061618.0
100 |a Bishop, Matt 
020 |a 9788177584257 
942 |c BK 
245 |a Computer security : art and science  
260 |b Pearson 
999 |c 77  |d 77 
952 |0 0  |1 0  |4 0  |7 0  |a ABDN  |b ABDN  |d 2026-05-15  |l 0  |p 000037  |r 2026-05-15 06:16:18  |w 2026-05-15  |y BK